Κλιματικές αλλαγές στο υδάτινο περιβάλλον και επιπτώσεις στην παγκόσμια και μεσογειακή αλιεία : πτυχιακή εργασία

Το κλίμα είναι ένα πολύπλοκο σύστημα. Ένα από τα κυριότερα προβλήματα του πλανήτη είναι η κλιματική αλλαγή και οι επιπτώσεις της στη βιοποικιλότητα αλλά, ειδικότερα, στα υδάτινα οικοσυστήματα αυτού. Στη Μεσόγειο Θάλασσα, μία περιοχή ιδιαίτερα ευαίσθητη στην αλλαγή του κλίματος εξαιτίας των μοναδικών...

Full description

Saved in:
Bibliographic Details
Main Author: Μπασδέκη, Μαρία
Corporate Author: Πανεπιστήμιο Αιγαίου Σχολή Περιβάλλοντος Τμήμα Επιστημών της Θάλασσας
Other Authors: Καπίρης, Κώστας (Researcher)
Format: Thesis Book
Language:Greek
Published: 2015.
Subjects:
Online Access:http://hdl.handle.net/11610/7451
Tags: Add Tag
No Tags, Be the first to tag this record!

MARC

LEADER 00000cam a2200000 a 4500
001 1/110152
008 160303s2015####gr | ||| |||| ||gre||
040 |a GR-MyUa  |b gre  |c GR-MyUa  |e AACR2 
041 0 |a gre 
082 7 |a 363.7   |2 (23)  
100 1 |a Μπασδέκη, Μαρία. 
245 1 0 |a Κλιματικές αλλαγές στο υδάτινο περιβάλλον και επιπτώσεις στην παγκόσμια και μεσογειακή αλιεία :   |b πτυχιακή εργασία /   |c Μπαδέκη Μαρία ; επιβλέποντες: Καπίρης Κώστας, Κουτσούμπας Δρόσος.  
260 |c 2015.  
300 |a 141 σ. ;   |c 24 εκ.  
502 |a Πτυχιακή εργασία – Πανεπιστήμιο Αιγαίου, Λέσβος, 2015. 
504 |a Περιλαμβάνει βιβλιογραφία και παράρτημα.  
506 1 |a Ηλεκτρονική διάθεση στο πλήρες κείμενο – περιορισμένης πρόσβασης ;   |d Ελεύθερη διάθεση μόνο στα μέλη του Πανεπιστημίου Αιγαίου.  
520 8 |a Το κλίμα είναι ένα πολύπλοκο σύστημα. Ένα από τα κυριότερα προβλήματα του πλανήτη είναι η κλιματική αλλαγή και οι επιπτώσεις της στη βιοποικιλότητα αλλά, ειδικότερα, στα υδάτινα οικοσυστήματα αυτού. Στη Μεσόγειο Θάλασσα, μία περιοχή ιδιαίτερα ευαίσθητη στην αλλαγή του κλίματος εξαιτίας των μοναδικών φυσιογραφικών, κλιματολογικών και υδρογραφικών γνωρισμάτων της, η αλληλεπίδραση μεταξύ της αλλαγής του κλίματος και της δομής των οικοσυστημάτων είναι ιδιαίτερα έντονη. Από την μελέτη των δεδομένων σχετικά με τη βιοποικιλότητα της Μεσογείου, εξάγονται συμπεράσματα για τις αλλαγές που παρατηρούνται, λόγω της κλιματικής αλλαγής, στη δομή και λειτουργία των οικοσυστημάτων. Εξετάζουμε τις πιθανές επιρροές της αλλαγής του κλίματος στην αλιεία καθώς και τις επιδράσεις των αλλαγών αυτών στα παγκόσμια ιχθυοαποθέματα, βάσει των πιθανών σεναρίων. Τέλος, μελετούμε την επίδραση των ξενικών ειδών στην αλιεία της Μεσογείου καθώς και στον ελλαδικό χώρο, αλλά δίνεται έμφαση και στην αλλαγή της σύνθεσης της μεσογειακής ιχθυοπανίδας εξαιτίας της κλιματικής αλλαγής.  
650 0 |a Climatic changes  |x Environmental aspects. 
650 0 |a Marine ecology. 
650 0 |a Fishes  |x Effect of global warming on. 
650 0 |a Fish populations  |x Effect of global warming on. 
700 1 |a Καπίρης, Κώστας,  |e res 
700 1 |a Κουτσούμπας, Δρόσος,  |e dgs 
710 2 |a Πανεπιστήμιο Αιγαίου  |b Σχολή Περιβάλλοντος  |b Τμήμα Επιστημών της Θάλασσας. 
852 |a INST  |b LESVOS  |c DIATR  |e 20160303  |h 930  |p 005100057359  |q 005100057359  |t DIE  |y 23 
856 |u http://hdl.handle.net/11610/7451 
924 |a Μπασδέκη  |b Μαρία  |y Λέσβος  |z 2016-05 
970 |a Τζαφέρη  |b Ευαγγελία  |z 03-03-2016